Visualizzazione normale
Vista MARC
- SINFONICA [DISCHI]
di Topical Term
Records bibliografici associati: 99
001 - CONTROL NUMBER
- control field: 1288
003 - CONTROL NUMBER IDENTIFIER
- control field: IT-RoPau
005 - DATE AND TIME OF LATEST TRANSACTION
- control field: 20131107213642.0
008 - FIXED-LENGTH DATA ELEMENTS
- fixed length control field: 131107|| aca||aabn | a|a d
040 ## - CATALOGING SOURCE
- Original cataloging agency: IT-RoPau
- Transcribing agency: IT-RoPau
150 ## - HEADING--TOPICAL TERM
- Topical term or geographic name entry element: SINFONICA [DISCHI]
- : Codice MATERIA SPICS: 9950
670 ## - SOURCE DATA FOUND
- Source citation: Work cat.: (IT-RoPau)102751: Beethoven Ludwig Van 1285, Nove sinfonie (Le)-7 Lp G12R